Kell-e még a mangalica a szalámigyártáshoz?
Elmentve itt :
| Szerző: | |
|---|---|
| Dokumentumtípus: | Cikk |
| Megjelent: |
1963-07-10
|
| Sorozat: | Délmagyarország
53 No. 159 |
| Kulcsszavak: | Szalámigyártás Szeged, Sertéshústermelés Szeged 1963, Mangalicatartás vita 1963, szalámigyár |
| Online Access: | http://dmarchiv.bibl.u-szeged.hu/65722 |
| LEADER | 00546nab a2200157 i 4500 | ||
|---|---|---|---|
| 001 | delm65722 | ||
| 005 | 20180927151340.0 | ||
| 008 | 180927s1963 hu o 0|| hun d | ||
| 040 | |a SZTE Délmagyarország Archívum |b hun | ||
| 041 | |a hun | ||
| 100 | 1 | |a Pick Jenő | |
| 245 | 1 | 0 | |a Kell-e még a mangalica a szalámigyártáshoz? |h [elektronikus dokumentum] / |c Pick Jenő |
| 260 | |c 1963-07-10 | ||
| 300 | |a 5 | ||
| 490 | 0 | |a Délmagyarország |v 53 No. 159 | |
| 695 | |a Szalámigyártás Szeged, Sertéshústermelés Szeged 1963, Mangalicatartás vita 1963, szalámigyár | ||